Statistics for Top 20 Empires by Size

Click here to take the quiz!

General Stats

  • This quiz has been taken 14 times
  • The average score is 4 of 21

Answer Stats

HintAnswer% Correct
26.35%British Empire
91%
17.81%Mongol Empire
73%
16.92%Russian Empire
55%
8.24%Abbasid Caliphate
27%
10.17%Spainish Empire
27%
6.19%Empire of Brazil
18%
10.91%Qing Dynasty
18%
8.53%Second French Colonial Empire
18%
5.49%Empire of Japan
9%
4.45%Golden Horde Khanate
9%
4.75%Rashidun Caliphate
9%
4.08%Achaemenid Empire
0%
4.82%Eastern Han Dynasty
0%
4.45%First Turkic Khaganate
0%
5.27%Iberian Union
0%
4.82%Ming Dynasty
0%
4.08%Second Portuguese Empire
0%
8.24%Umayyad Caliphate
0%
4.45%Western Han Dynasty
0%
6.68%Xiongnu Empire
0%
8.16%Yuan Dynasty
0%

Score Distribution

Percentile by Number Answered

Percent of People with Each Score

Your Score History

You have not taken this quiz